[Event "Novokuznetsk SFO-ch U17"]
[Site "Novokuznetsk"]
[Date "2014.11.02"]
[Round "1"]
[White "Nazarov, Mikhail"]
[Black "Buts, Nikita"]
[Result "0-1"]
[WhiteElo "800"]
[BlackElo "1896"]
[PlyCount "70"]
[EventDate "2014.11.02"]
[EventType "swiss"]
[EventRounds "9"]
[EventCountry "RUS"]
[SourceTitle "CBM 163 Extra"]
[Source "ChessBase"]
[SourceDate "2014.12.23"]
[SourceVersion "1"]
[SourceVersionDate "2014.12.23"]
[SourceQuality "1"]

1. e4 e6 2. d4 d5 3. exd5 exd5 4. Nf3 Nf6 5. c4 Bb4+ 6. Nc3 0-0 7. Bd3 dxc4 8. Bxc4 Bg4 9. 0-0 Nc6 10. Be3 Qd7 11. h3 Bh5 12. a3 Ba5 13. b4 Bb6 14. d5 Ne7 15. Bxb6 axb6 16. Qd3 Ng6 17. Rfe1 Rfd8 18. Ne5 Nxe5 19. Rxe5 Qd6 20. f4 Bg6 21. Qe2 Nd7 22. Nb5 Qf6 23. Re7 Qxa1+ 24. Kh2 Qf6 25. g3 Kf8 26. Re3 Re8 27. Nxc7 Rxe3 28. Qxe3 Rc8 29. d6 Qxd6 30. Nb5 Qc6 31. Be2 Re8 32. Qd2 Rxe2+ 33. Qxe2 Qc2 34. Qxc2 Bxc2 35. Nd6 Ke7 0-1

[Event "Krasnodar Region-ch"]
[Site "Krasnodar"]
[Date "2011.10.18"]
[Round "5"]
[White "Nazarov, Mikhail"]
[Black "Bryzgalin, Kirill"]
[Result "0-1"]
[WhiteElo "2174"]
[BlackElo "2469"]
[PlyCount "128"]
[EventDate "2011.10.14"]
[EventType "swiss"]
[EventRounds "9"]
[EventCountry "RUS"]
[SourceTitle "EXT 2022"]
[Source "ChessBase"]
[SourceDate "2021.10.06"]
[SourceVersion "1"]
[SourceVersionDate "2021.10.06"]
[SourceQuality "1"]

1. d4 Nf6 2. Bg5 d5 3. Nd2 c6 4. e3 Bf5 5. Ngf3 Nbd7 6. c4 e6 7. cxd5 exd5 8. Be2 Bd6 9. Bh4 Qb6 10. Qb3 0-0 11. 0-0 Rfe8 12. Rfc1 Bf8 13. Bg3 Ne4 14. Nxe4 Bxe4 15. Nd2 Bf5 16. a3 g6 17. Rc3 h5 18. h3 Bg7 19. Bd3 Bxd3 20. Rxd3 Re6 21. Rb1 Bf8 22. Rc3 Ree8 23. Qa2 a5 24. Qb3 Qa6 25. Qc2 Re6 26. Qd3 Qxd3 27. Rxd3 a4 28. Rc3 b5 29. Rc2 Nb6 30. Bc7 Nc4 31. Nxc4 bxc4 32. Re1 Ra7 33. Bf4 Rb7 34. Ree2 Rb3 35. g4 Bg7 36. Red2 hxg4 37. hxg4 Re4 38. g5 Kf8 39. Rc3 Ke8 40. f3 Re7 41. Kf2 Reb7 42. Rcc2 Kd7 43. Kg3 Bf8 44. Kg4 Be7 45. e4 Bd6 46. e5 Be7 47. Bg3 Ke6 48. Be1 c5 49. Bf2 R7b5 50. Bg1 Rd3 51. dxc5 Rxd2 52. Rxd2 Bxc5 53. Bxc5 Rxc5 54. f4 Rb5 55. Rh2 d4 56. Rc2 Rc5 57. Rd2 Rd5 58. Kf3 Kf5 59. Rf2 Rb5 60. Rc2 Rb3+ 61. Kf2 Kxf4 62. Rxc4 Rxb2+ 63. Kg1 Kxe5 64. Rxa4 d3 0-1

[Event "Krasnodar Region-ch"]
[Site "Krasnodar"]
[Date "2011.10.17"]
[Round "4"]
[White "Panarin, Mikhail"]
[Black "Nazarov, Mikhail"]
[Result "1-0"]
[WhiteElo "2503"]
[BlackElo "2174"]
[PlyCount "69"]
[EventDate "2011.10.14"]
[EventType "swiss"]
[EventRounds "9"]
[EventCountry "RUS"]
[SourceTitle "EXT 2022"]
[Source "ChessBase"]
[SourceDate "2021.10.06"]
[SourceVersion "1"]
[SourceVersionDate "2021.10.06"]
[SourceQuality "1"]

1. e4 b6 2. d4 Bb7 3. Bd3 e5 4. dxe5 Nc6 5. Nf3 Nge7 6. Bf4 Ng6 7. Bg3 a5 8. 0-0 h5 9. h3 h4 10. Bh2 Bc5 11. Nc3 0-0 12. Bc4 Re8 13. Bd5 Rb8 14. Bxc6 dxc6 15. Qxd8 Rbxd8 16. Rfd1 Ba6 17. e6 Bd6 18. exf7+ Kxf7 19. Bxd6 cxd6 20. Nd4 Bb7 21. Nf5 d5 22. exd5 cxd5 23. Nb5 Re6 24. Re1 Rf6 25. Nbd4 Bc8 26. Ne3 Ne5 27. Rad1 g5 28. f3 Rf4 29. Ng4 Nc4 30. b3 Bxg4 31. hxg4 Nb2 32. Rd2 Re8 33. Rxe8 Kxe8 34. c3 b5 35. Nxb5 1-0